000 02656nam0a2200397 4500
001 RU\NLR\bibl\1116884
005 20250615063609.0
010 _a978-5-358-02890-6
_92000
021 _aRU
_b2007-44098
_92356
035 _a(nilc)RSL-KNO-003141730
035 _a(NLR Aleph) 001103886
090 _a1195453
_c1195453
100 _a20070703d2007 |||y0rusy50 ca
101 0 _arus
102 _aRU
105 _ay |||||||||
200 1 _aДиктанты по русскому языку
_e8 класс
_fС. С. Петровсая, И. Н. Черников
205 _a3-е изд., стер.
210 _aМосква
_cДрофа
_d2007
215 _a252 с.
_d20
225 1 _aБиблиотека учителя
_iРусский язык
606 1 _aРусский язык
_jУчебные издания для средней школы
_91533567
_3RU\NLR\auth\66969347
610 0 _aФилологические науки. Художественная литература -- Языкознание -- Индоевропейские языки -- Славянские языки -- Восточнославянские языки -- Русский язык -- Преподавание и методика изучения языка -- Учебники и учебные пособия по отдельным аспектам языка -- Учебники и пособия по грамматике, орфографии и пунктуации -- Диктант
610 0 _aКультура. Наука. Просвещение -- Народное образование. Педагогические науки -- Общеобразовательная школа. Школьная педагогика -- Российская Федерация -- Методика преподавания отдельных учебных предметов -- Русский язык -- Русский язык в русской школе -- Развитие устной и письменной речи. Культура речи учащихся -- Развитие письменной речи -- Письменные работы учащихся -- Диктант
686 _aШ141.2-932.83
_2rubbk
686 _aЧ426.131(2)53-254.11,0
_2rubbk
686 _aШ141.12-922.1[8]т
700 1 _aПетровская
_bС. С.
_gСветлана Семеновна
_4070
701 1 _aЧерников
_bИ. Н.
_gИван Николаевич
_4070
801 0 _aRU
_bРКП
_c20070703
_grcr
801 1 _aRU
_bРГБ
_c20070703
801 2 _aRU
_bNLR
_c20070813
_grcr
942 _cBOOK
980 _aNB